Tisíce zahraničných fanušíkov v meste, zmeny v doprave aj policajti v uliciach začínajú sa Majstrovstvá Európy vo futbale do 21 rokov

Bibliographic Details
Main Author: Gécziová, Katarína (Author)
Format: Article
Language:Slovak
PhysicalDescription:Fotografia
ISSN:2585-7355
Subjects:
Online Access:https://kosice.korzar.sme.sk/c/23503145/futbalovy-osial-prichadza-ktore-ulice-uzavru-kde-zaparkujete-ake-su-zakazane-predmety.html

MARC

LEADER 00000nab a2200000u 4500
001 vtls012278142
003 SK-MaSNL
005 20260304180400.0
008 250616|20250612xo ||||||| || ||slo|
038 |a KEVKJB 
040 |a KEVKJB  |b slo  |e rda 
041 0 |a slo 
043 |a e-xo--- 
044 |a xo  |c SK 
072 7 |a 796  |x Šport. Hry. Telesné cvičenia  |2 konspekt 
080 |a 796.332.093.42  |2 2011 
100 1 |a Gécziová, Katarína  |4 aut  |9 1031787 
245 1 0 |a Tisíce zahraničných fanušíkov v meste, zmeny v doprave aj policajti v uliciach  |b začínajú sa Majstrovstvá Európy vo futbale do 21 rokov  |c Katarína Gécziová 
300 |b Fotografia 
336 |a text  |b txt  |2 rdacontent 
337 |a bez média  |b n  |2 rdamedia 
338 |a zväzok  |b nc  |2 rdacarrier 
610 2 7 |a Košická futbalová aréna (Košice, Slovensko)  |2 kevkjb  |9 1109796 
650 0 7 |a futbalové súťaže  |2 SNKPH  |9 31434 
650 0 7 |a futbalové zápasy  |2 SNKPH  |9 71116 
650 0 7 |a mestská hromadná doprava  |2 SNKPH  |9 71604 
651 7 |a Košice (Slovensko)  |2 SNKPHgeo  |9 18694 
651 7 |a Prešov (Slovensko)  |2 SNKPHgeo  |9 17347 
773 0 |t Korzár - SME  |g Roč. XXVIII., č. 111 (12.6.2025), s. 2  |x 2585-7355 
852 |a KEVKJB  |b KIS3GCP 
856 4 1 |u https://kosice.korzar.sme.sk/c/23503145/futbalovy-osial-prichadza-ktore-ulice-uzavru-kde-zaparkujete-ake-su-zakazane-predmety.html 
999 |c 3017813  |d 3019743